Probabilistic methods in discrete mathematics : proceedings of the fourth international Petrozavodsk conference, Petrozavodsk, Russia, June 3-7, 1996 /

Bibliographic Details
Other Authors: Kolchin, V. F. (Valentin Fedorovich)
Format: Book
Language:English
Published: Utrecht, the Netherlands : VSP, 1997.
Subjects:

MARC

Tag First Indicator Second Indicator Subfields
LEADER 00000cam a2200000 a 4500
001 in00001432521
005 20151020091518.0
008 980624s1997 ne b 101 0 eng d
020 |a 9067642452 
035 |a (OCoLC)39345091 
035 |9 AHS0284AM 
040 |a EYM  |c EYM  |d TXA  |d UtOrBLW 
049 |a TXAM 
090 |a QA273.45  |b .P6 1997 
245 0 0 |a Probabilistic methods in discrete mathematics :  |b proceedings of the fourth international Petrozavodsk conference, Petrozavodsk, Russia, June 3-7, 1996 /  |c editors, V.F. Kolchin [and others]. 
264 1 |a Utrecht, the Netherlands :  |b VSP,  |c 1997. 
300 |a xvi, 365 pages ;  |c 25 cm. 
336 |a text  |b txt  |2 rdacontent 
337 |a unmediated  |b n  |2 rdamedia 
338 |a volume  |b nc  |2 rdacarrier 
504 |a Includes bibliographical references and author index. 
650 0 |a Combinatorial probabilities  |x Congresses. 
650 0 |a Random graphs  |x Congresses. 
650 0 |a Mappings (Mathematics)  |x Congresses. 
650 0 |a Computer science  |x Mathematics  |v Congresses. 
650 0 |a Probabilities  |v Congresses. 
700 1 |a Kolchin, V. F.  |q (Valentin Fedorovich) 
948 |a c:pk 
999 |a MARS 
999 f f |s 3618605a-421d-3619-9bbb-67b033782f65  |i 909b0183-b47c-3aee-ac2e-6ca292e760dd  |t 0 
952 f f |p ric  |a Texas A&M University  |b Rellis Campus  |c Joint Library Facility  |d Remote Storage  |t 0  |e QA273.45 .P76 1997  |h Library of Congress classification  |i unmediated -- volume  |m A14823434924 
998 f f |a QA273.45 .P76 1997  |t 0  |l Remote Storage